000 00199 a2200097 4500
001 47517
100 _aRiesenberg F
245 _aSea war
260 _aNew York
_bRinebart
_c
090 _c30536
_d30536
942 _aNUST-CAE
_cM
_c22821
999 _c282590
_d282590